Mito aquelarre carnaval. El grotesco americano /
El autor analiza los movimientos sociales contemporáneos apuntando a las conexiones entre mitines, marchas, "acampadas" y aquellas formas de los grotesco. Lo grotesco como pathos de lo americano le permite al autor explorar las posibilidades del desorden, del rompimiento de la cotidianidad...
Guardado en:
| Autor principal: | |
|---|---|
| Formato: | Texto |
| Materias: | |
| Etiquetas: |
Agregar Etiqueta
Sin Etiquetas, Sea el primero en etiquetar este registro!
|
MARC
| LEADER | 00000 a a2200000 04500 | ||
|---|---|---|---|
| 001 | 45144 | ||
| 003 | |||
| 040 | |||
| 090 | |a REV1426 12(30)2012 | ||
| 100 | |a Bartra, Armando | ||
| 245 | |a Mito aquelarre carnaval. |b El grotesco americano / |c Armando Bartra | ||
| 520 | |a El autor analiza los movimientos sociales contemporáneos apuntando a las conexiones entre mitines, marchas, "acampadas" y aquellas formas de los grotesco. Lo grotesco como pathos de lo americano le permite al autor explorar las posibilidades del desorden, del rompimiento de la cotidianidad y de la opresión mediante la coreografía. | ||
| 590 | |a RRH/AGOSTO2013 | ||
| 650 | |a 1.MOVIMIENTO ESTUDIANTIL | ||
| 650 | |a 2.CAMBIO SOCIAL | ||
| 650 | |a 3.POLITICA | ||
| 773 | |g volumen12, número30 ( , 2011), páginas 177-188 | ||
| 999 | |c 30374 |d 30374 | ||
